000 00776nam a2200229 a 4500
001 BRL_1537
005 20190320211242.0
008 240214s1993----mx-ao#####---#000-0#fre-#
020 _a9069880660
041 _afre
044 _amx
050 4 _aF1219.3.M4
_b.T47 1993
245 1 0 _aLa terre et le paradis
_bmasques mexicains, 29 septembre - 19 décembre 1993, Charleroi, Palais des Beaux-Arts
260 _a[México]
_bFoundation Europalia International
_c1993
300 _a228 p.
_bil. (algunas a color)
_c27 cm.
500 _aAu1749
600 1 4 _aCoronel, Rafael
_vExposiciones
_xColección etnográfica
_927206
650 1 4 _aMáscaras
_vExposiciones
_zMéxico
_923518
710 2 _aMuseo Rafael Coronel (Zacatecas : México)
_927207
902 _aGRL
942 _2lcc
_cB
999 _c10346
_d10346